000 00417nam a2200169Ia 4500
008 121102t1979 xxu||||| |||| 00| 0 sin d
041 _asin
080 _a8S1-19
_bFER
100 _aElbat Fernando
245 _aඑකම ලේ
246 _aEkama Le
260 _bVeyangoda Mudhdhranalaya
_aVeyangoda
_c1979
300 _b22p., 18 cm
942 _cBK
999 _c74740
_d74740
003 LK-CoDNM
040 _aLK-CoDNM
_dLK-CoDNM
_eLK-CoDNM